00400nam a2200157Ia 4500008004100000020001800041245003000059245005600089260001500145260001600160260000900176300001400185300002500199300001000224500000800234170705s9999 xx 000 0 und d a9780545001038 aDon't talk to strangers / cby Christine Mehlhaff ; illustrated by Kathi Ember. aNew York : bScholastic, c2007 aunpaged : bcolor illustration ; c25cm. a720